Využitie počítačovej tomografie v priemysle

Využitie počítačovej tomografie v priemysle poskytuje široké spektrum možností a výsledkov. Hlavné oblasti využitia priemyselnej počítačovej tomografie.

Salvato in:
Dettagli Bibliografici
Autore principale: Tóth, Teodor
Altri autori: Hudák, Radovan
Natura: Capitolo di libro
Lingua:slovacco
Soggetti:
Tags: Aggiungi Tag
Nessun Tag, puoi essere il primo ad aggiungerne!!

MARC

LEADER 00000naa a2200000 4500
001 0177921
005 20231208113653.9
041 0 |a slo 
044 |a SK 
245 1 0 |a Využitie počítačovej tomografie v priemysle  |c Teodor Tóth, Radovan Hudák 
520 |a Využitie počítačovej tomografie v priemysle poskytuje široké spektrum možností a výsledkov. Hlavné oblasti využitia priemyselnej počítačovej tomografie. 
610 2 0 |a počítače 
610 2 0 |a biometrika 
610 2 0 |a priemysel 
610 2 0 |a moduly 
610 2 0 |a využitie počítačov 
100 1 |a Tóth, Teodor 
700 1 |a Hudák, Radovan